Tính minh triết trong tranh dân gian Việt Nam /
Nội dung của cuốn sách bao gồm những vấn đề sau:
Shranjeno v:
| Glavni avtor: | |
|---|---|
| Format: | Knjiga |
| Jezik: | Vietnamese |
| Izdano: |
H. :
Văn hóa thông tin ,
2002
|
| Izdaja: | In lần thứ 1 |
| Teme: | |
| Oznake: |
Označite
Brez oznak, prvi označite!
|
| Thư viện lưu trữ: | Thư viện Trường CĐ Kỹ Thuật Cao Thắng |
|---|
| LEADER | 01192nam a2200253 a 4500 | ||
|---|---|---|---|
| 001 | TVCDKTCT5597 | ||
| 003 | Thư viện trường Cao đẳng Kỹ thuật Cao Thắng | ||
| 005 | 20060616000000 | ||
| 008 | 060616 | ||
| 980 | \ | \ | |a Thư viện Trường CĐ Kỹ Thuật Cao Thắng |
| 024 | |a RG_1 #1 eb0 i1 | ||
| 041 | 0 | # | |a vie |
| 082 | # | # | |a 306 / |b T312M-tr |
| 100 | 1 | # | |a Nguyễn Vũ Tuấn Anh |
| 245 | 0 | 0 | |a Tính minh triết trong tranh dân gian Việt Nam / |c Nguyễn Vũ Tuấn Anh |
| 250 | # | # | |a In lần thứ 1 |
| 260 | # | # | |a H. : |b Văn hóa thông tin , |c 2002 |
| 300 | # | # | |a 111tr. ; |c 24cm |
| 520 | # | # | |a Nội dung của cuốn sách bao gồm những vấn đề sau: |
| 520 | # | # | |a Phần 1: Thuyết Âm Dương ngũ hành và tranh dân gian Việt Nam. |
| 520 | # | # | |a Phần 2: Nhân sinh quan Lạc Việt & tính nhân bản trong tranh dân gian Việt Nam. |
| 520 | # | # | |a Phần 3: Tranh dân gian Việt Nam với lịch sử và huyền thoại. |
| 520 | # | # | |a Phần 4: Thời điểm ra đời của tranh dân gian Việt Nam |
| 650 | # | 4 | |a Văn hoá--Tranh dân gian |